[Event "43. Open Ciutat de Badalona 2017 - B"]
[Site "Badalona ESP"]
[Date "2017.08.06"]
[Round "5.2"]
[White "Roa Ribera, Alvaro"]
[Black "Garcia Ruiz, Adrian"]
[Result "0-1"]
[WhiteElo "1688"]
[BlackElo "1940"]
[PlyCount "122"]
[EventDate "2017.08.02"]
[EventType "swiss"]
[EventRounds "9"]
[EventCountry "ESP"]
[SourceTitle "Ajedrez en Madrid"]
[Source "lmi"]
[SourceDate "2017.08.02"]
[SourceVersion "1"]
[SourceVersionDate "2018.07.18"]
[SourceQuality "1"]

1. e4 e6 2. d4 d5 3. Nc3 Nf6 4. Bg5 Bb4 5. e5 h6 6. Bd2 Bxc3 7. bxc3 Ne4 8. Bd3
Nxd2 9. Qxd2 c5 10. Nf3 Nc6 11. O-O Qa5 12. Rfd1 b6 13. Qe3 c4 14. Bf1 Qa4 15.
Ne1 Ne7 16. Rd2 Bd7 17. f4 g6 18. Nf3 Qa3 19. Rdd1 Ba4 20. Qd2 Nc6 21. Rdb1 Qe7
22. Be2 Qa3 23. Bf1 b5 24. Kh1 a5 25. Ng1 b4 26. Ne2 Kf8 27. Kg1 Kg7 28. Kh1
Rhb8 29. Kg1 Rb7 30. cxb4 axb4 31. c3 Rab8 32. cxb4 Rxb4 33. Rxb4 Rxb4 34. Nc3
Rb2 35. Qc1 Bc2 36. Nd1 Bxd1 37. Rb1 Rxa2 38. Qxa3 Rxa3 39. Rxd1 c3 40. Rc1
Nxd4 41. Kf2 c2 42. Ke1 Ra2 43. Bd3 Kf8 44. Kf2 Rb2 45. Ke3 Rb1 46. Rxb1 cxb1=Q
47. Bxb1 Nc6 48. Bd3 Ke7 49. g4 Kd7 50. h4 Kc7 51. Bb5 Kb6 52. Ba4 Kc5 53. Kd3
Kb6 54. Kc3 Kc7 55. Kd3 Kb6 56. Kc3 Kc5 57. Kd3 Nb4+ 58. Kd2 d4 59. Be8 Nd5 60.
Bxf7 Nxf4 61. Be8 Kd5 0-1

[Event "43. Open Ciutat de Badalona 2017 - B"]
[Site "Badalona ESP"]
[Date "2017.08.06"]
[Round "5.3"]
[White "Comhaire, Cedric"]
[Black "Ospina Ocampo, Camilo"]
[Result "0-1"]
[WhiteElo "1830"]
[BlackElo "1918"]
[PlyCount "34"]
[EventDate "2017.08.02"]
[EventType "swiss"]
[EventRounds "9"]
[EventCountry "ESP"]
[SourceTitle "Ajedrez en Madrid"]
[Source "lmi"]
[SourceDate "2017.08.02"]
[SourceVersion "1"]
[SourceVersionDate "2018.07.18"]
[SourceQuality "1"]

1. e4 e5 2. Nf3 Nc6 3. d4 exd4 4. Bc4 Bc5 5. c3 Nf6 6. e5 d5 7. Bb5 Ne4 8. Nxd4
O-O 9. Bxc6 bxc6 10. O-O f6 11. exf6 Qxf6 12. f4 Be6 13. Rf3 Rab8 14. a3 Rfe8
15. Kh1 Bxd4 16. cxd4 Bg4 17. Qg1 Qh4 0-1

[Event "43. Open Ciutat de Badalona 2017 - B"]
[Site "Badalona ESP"]
[Date "2017.08.06"]
[Round "5.4"]
[White "Torralba Brosa, Marc"]
[Black "Aarav, Dengla"]
[Result "1-0"]
[WhiteElo "1839"]
[BlackElo "1433"]
[PlyCount "73"]
[EventDate "2017.08.02"]
[EventType "swiss"]
[EventRounds "9"]
[EventCountry "ESP"]
[SourceTitle "Ajedrez en Madrid"]
[Source "lmi"]
[SourceDate "2017.08.02"]
[SourceVersion "1"]
[SourceVersionDate "2018.07.18"]
[SourceQuality "1"]

1. e4 e5 2. Nf3 Nf6 3. d4 Nxe4 4. Bd3 d5 5. Nxe5 Be7 6. Qe2 Nf6 7. O-O O-O 8.
Nd2 Be6 9. f4 Bd6 10. Ndf3 Re8 11. Ng5 h6 12. Nxe6 Rxe6 13. c3 c5 14. Kh1 cxd4
15. cxd4 Qb6 16. Be3 Nc6 17. Qf2 Rf8 18. Rad1 Qa5 19. a3 Bxe5 20. fxe5 Ng4 21.
Qf5 Rg6 22. Bg1 Qd8 23. e6 Ne7 24. exf7+ Kh8 25. Qf3 Nf6 26. Bxg6 Nxg6 27. Qg3
Kh7 28. Be3 Rxf7 29. Qh3 Qb6 30. Bg5 Ne4 31. Bxh6 Rxf1+ 32. Rxf1 gxh6 33. Qd7+
Ne7 34. Qxe7+ Kg6 35. Qf7+ Kg5 36. Rf5+ Kg4 37. Qh5# 1-0

[Event "43. Open Ciutat de Badalona 2017 - B"]
[Site "Badalona ESP"]
[Date "2017.08.06"]
[Round "5.5"]
[White "Van Puyvelde, Stijn"]
[Black "Petit Montes, Marc"]
[Result "1/2-1/2"]
[WhiteElo "1791"]
[BlackElo "1948"]
[PlyCount "83"]
[EventDate "2017.08.02"]
[EventType "swiss"]
[EventRounds "9"]
[EventCountry "ESP"]
[SourceTitle "Ajedrez en Madrid"]
[Source "lmi"]
[SourceDate "2017.08.02"]
[SourceVersion "1"]
[SourceVersionDate "2018.07.18"]
[SourceQuality "1"]

1. d4 d5 2. Nf3 Nf6 3. e3 Bg4 4. h3 Bh5 5. g4 Bg6 6. Ne5 Nfd7 7. Nxg6 hxg6 8.
c4 c6 9. cxd5 cxd5 10. Qb3 Qc8 11. Nc3 e6 12. Bd2 Nc6 13. Bg2 Be7 14. Rc1 O-O
15. Ne2 Nf6 16. Nf4 Qd7 17. Nd3 Rfc8 18. O-O Bd6 19. Kh1 Qe7 20. Rfd1 g5 21.
Rc2 Ne4 22. Be1 Rab8 23. Rdc1 Rc7 24. Bf3 Rbc8 25. Kg2 Qf8 26. Be2 g6 27. f3
Nf6 28. Bg3 Bxg3 29. Kxg3 Nd7 30. Nc5 Nxc5 31. Rxc5 f5 32. Kg2 Qh6 33. Qd1 Rf7
34. Qe1 f4 35. exf4 gxf4 36. Kg1 Qg5 37. Bf1 Qf6 38. Qd1 Rfc7 39. Qe1 Nxd4 40.
Rxc7 Rxc7 41. Kf2 Qe7 42. Rc3 1/2-1/2

[Event "43. Open Ciutat de Badalona 2017 - B"]
[Site "Badalona ESP"]
[Date "2017.08.06"]
[Round "5.6"]
[White "Nadal Fajardo, Ricard"]
[Black "Colom Andres, Xavier"]
[Result "1-0"]
[WhiteElo "1946"]
[BlackElo "1826"]
[PlyCount "67"]
[EventDate "2017.08.02"]
[EventType "swiss"]
[EventRounds "9"]
[EventCountry "ESP"]
[SourceTitle "Ajedrez en Madrid"]
[Source "lmi"]
[SourceDate "2017.08.02"]
[SourceVersion "1"]
[SourceVersionDate "2018.07.18"]
[SourceQuality "1"]

1. e4 c6 2. Nf3 d5 3. Nc3 dxe4 4. Nxe4 Nf6 5. Nxf6+ exf6 6. d4 Bd6 7. Be2 O-O
8. O-O Re8 9. c4 Nd7 10. Qc2 Nf8 11. Be3 Bg4 12. Rad1 Rc8 13. Rfe1 Bh5 14. a3
a6 15. b4 Bg6 16. Qd2 Be4 17. Qc3 Ng6 18. Nd2 f5 19. f3 f4 20. Bf2 Bf5 21. Bd3
Qd7 22. Ne4 Bxe4 23. Bxe4 Ne7 24. Qc2 g6 25. Re2 Kg7 26. Rde1 Ng8 27. Qb2 Be7
28. d5+ Bf6 29. dxc6 bxc6 30. Qc2 Rcd8 31. Kh1 Nh6 32. Bb6 Rb8 33. Rd1 Qb7 34.
Bc5 1-0

[Event "43. Open Ciutat de Badalona 2017 - B"]
[Site "Badalona ESP"]
[Date "2017.08.06"]
[Round "5.7"]
[White "Martin Barcelo, Carles"]
[Black "Alonso Gomez, Raul"]
[Result "1-0"]
[WhiteElo "1818"]
[BlackElo "1938"]
[PlyCount "53"]
[EventDate "2017.08.02"]
[EventType "swiss"]
[EventRounds "9"]
[EventCountry "ESP"]
[SourceTitle "Ajedrez en Madrid"]
[Source "lmi"]
[SourceDate "2017.08.02"]
[SourceVersion "1"]
[SourceVersionDate "2018.07.18"]
[SourceQuality "1"]

1. e4 c5 2. Nc3 Nc6 3. Bb5 e5 4. Bxc6 dxc6 5. d3 Bd6 6. Nge2 Nf6 7. O-O Be6 8.
f4 exf4 9. Nxf4 Qc7 10. Nxe6 Bxh2+ 11. Kh1 fxe6 12. Rxf6 gxf6 13. Qh5+ Ke7 14.
Qxh2 e5 15. Nd1 Qa5 16. Qh4 Rag8 17. Ne3 h5 18. Qf2 Rg6 19. Nf5+ Kd7 20. Bd2
Qb5 21. b3 b6 22. Nd4 cxd4 23. Qf5+ Ke7 24. Qxg6 Rf8 25. Rf1 Qc5 26. Rxf6 Kd7
27. Qf5+ 1-0

[Event "43. Open Ciutat de Badalona 2017 - B"]
[Site "Badalona ESP"]
[Date "2017.08.06"]
[Round "5.8"]
[White "Garcia Sanchez, Aitor"]
[Black "Millan Hernandez, Marc"]
[Result "1-0"]
[WhiteElo "1863"]
[BlackElo "1814"]
[PlyCount "77"]
[EventDate "2017.08.02"]
[EventType "swiss"]
[EventRounds "9"]
[EventCountry "ESP"]
[SourceTitle "Ajedrez en Madrid"]
[Source "lmi"]
[SourceDate "2017.08.02"]
[SourceVersion "1"]
[SourceVersionDate "2018.07.18"]
[SourceQuality "1"]

1. e4 e6 2. g3 d5 3. Bg2 Nf6 4. Nc3 d4 5. Nce2 c5 6. d3 Nc6 7. f4 h5 8. Nf3 Be7
9. Nh4 Ng4 10. h3 Nf6 11. O-O Qc7 12. f5 e5 13. Bg5 Bd7 14. c3 O-O-O 15. a3 Kb8
16. cxd4 Nxd4 17. Nxd4 cxd4 18. Rc1 Qb6 19. b4 Qa6 20. Qb3 Rhf8 21. Bf3 Bb5 22.
Be2 Rd7 23. Nf3 Bd6 24. Ne1 Nxe4 25. dxe4 Bxe2 26. Rf2 Bb5 27. Ra2 Ba4 28. Qd3
Qb6 29. Qf3 g6 30. Nd3 Rc8 31. Rxc8+ Kxc8 32. fxg6 fxg6 33. Qf6 Qb5 34. Rd2 Bb3
35. Qxg6 Qc6 36. Qe8+ Kc7 37. Nxe5 Bxe5 38. Qxe5+ Kb6 39. Qa5# 1-0

[Event "43. Open Ciutat de Badalona 2017 - B"]
[Site "Badalona ESP"]
[Date "2017.08.06"]
[Round "5.9"]
[White "Lozano Ruiz, David"]
[Black "Ritter Aguilar, Jordi"]
[Result "0-1"]
[WhiteElo "1812"]
[BlackElo "1850"]
[PlyCount "82"]
[EventDate "2017.08.02"]
[EventType "swiss"]
[EventRounds "9"]
[EventCountry "ESP"]
[SourceTitle "Ajedrez en Madrid"]
[Source "lmi"]
[SourceDate "2017.08.02"]
[SourceVersion "1"]
[SourceVersionDate "2018.07.18"]
[SourceQuality "1"]

1. c4 Nf6 2. g3 c6 3. Nf3 d5 4. Bg2 Nbd7 5. O-O e6 6. d4 Bd6 7. Nc3 O-O 8. e4
dxe4 9. Ng5 h6 10. Ngxe4 Nxe4 11. Nxe4 Bc7 12. b3 f5 13. Nc3 Qf6 14. f4 Bb6 15.
Ne2 Rd8 16. Be3 e5 17. Qd2 exd4 18. Nxd4 Nf8 19. Rad1 Ne6 20. Qf2 Bxd4 21. Bxd4
Rxd4 22. Qe2 Bd7 23. Kh1 Re8 24. Qf3 Rd8 25. b4 Be8 26. Rc1 Rd3 27. Qe2 Rd2 28.
Qe3 Bh5 29. Rfe1 Bf7 30. Bd5 Qb2 31. Rb1 Qxa2 32. Ra1 Rxh2+ 33. Kg1 cxd5 34.
Rxa2 Rxa2 35. Qb3 Rd2 36. Qf3 d4 37. c5 d3 38. Qxb7 Re2 39. Rxe2 dxe2 40. Kf2
Nd4 41. c6 Re8 0-1

[Event "43. Open Ciutat de Badalona 2017 - B"]
[Site "Badalona ESP"]
[Date "2017.08.07"]
[Round "6.1"]
[White "Ospina Ocampo, Camilo"]
[Black "Walter Travella, German"]
[Result "1-0"]
[WhiteElo "1918"]
[BlackElo "1888"]
[PlyCount "87"]
[EventDate "2017.08.02"]
[EventType "swiss"]
[EventRounds "9"]
[EventCountry "ESP"]
[SourceTitle "Ajedrez en Madrid"]
[Source "lmi"]
[SourceDate "2017.08.02"]
[SourceVersion "1"]
[SourceVersionDate "2018.07.18"]
[SourceQuality "1"]

1. f4 d5 2. Nf3 Bg4 3. e3 e6 4. d4 Bd6 5. c4 c6 6. Nc3 Nf6 7. Bd3 Bb4 8. O-O
Qa5 9. Qb3 Nbd7 10. Ne5 Nxe5 11. fxe5 Nd7 12. cxd5 cxd5 13. Qc2 Bxc3 14. bxc3
f5 15. exf6 Nxf6 16. Bg6+ hxg6 17. Qxg6+ Kd7 18. Qxg7+ Kc6 19. Rb1 Qc7 20.
Qxc7+ Kxc7 21. Rxf6 Raf8 22. Rxf8 Rxf8 23. Bd2 Be2 24. h3 Bd3 25. Rd1 b5 26. a3
Kd7 27. Kh2 Bc2 28. Rg1 Rf2 29. Be1 Re2 30. Kg3 Be4 31. h4 Ke7 32. h5 Kf6 33.
Kf4 Bxg2 34. Bh4+ Kf7 35. Bg5 Ra2 36. Ke5 Bh3 37. h6 Bf5 38. Bf6 Rxa3 39. h7
Bxh7 40. Rg7+ Kf8 41. Rxh7 Rxc3 42. Kxe6 Rxe3+ 43. Be5 Re4 44. Rh8# 1-0

[Event "43. Open Ciutat de Badalona 2017 - B"]
[Site "Badalona ESP"]
[Date "2017.08.07"]
[Round "6.2"]
[White "Garcia Ruiz, Adrian"]
[Black "Torralba Brosa, Marc"]
[Result "1/2-1/2"]
[WhiteElo "1940"]
[BlackElo "1839"]
[PlyCount "75"]
[EventDate "2017.08.02"]
[EventType "swiss"]
[EventRounds "9"]
[EventCountry "ESP"]
[SourceTitle "Ajedrez en Madrid"]
[Source "lmi"]
[SourceDate "2017.08.02"]
[SourceVersion "1"]
[SourceVersionDate "2018.07.18"]
[SourceQuality "1"]

1. e4 c5 2. Nf3 Nc6 3. Bb5 g6 4. Bxc6 bxc6 5. d3 Bg7 6. O-O d6 7. Nc3 Nf6 8.
Re1 e5 9. h3 O-O 10. b3 h6 11. Bb2 Be6 12. Na4 Nh5 13. c3 f5 14. exf5 Bd5 15.
c4 Bxf3 16. Qxf3 Qd7 17. Nc3 Rxf5 18. Qe3 Raf8 19. Ne4 Nf4 20. Rad1 Nxg2 21.
Kxg2 d5 22. Nxc5 Qf7 23. Re2 Rf3 24. Qd2 Qf5 25. Rh1 Bf6 26. Rh2 Bg5 27. Qc2
Bh4 28. Kf1 Bg3 29. Rxe5 Bxe5 30. Bxe5 Qxe5 31. d4 Qg3 32. Rg2 Rxf2+ 33. Rxf2
Qxh3+ 34. Kg1 Qg3+ 35. Kf1 Qh3+ 36. Kg1 Qg3+ 37. Kf1 Qh3+ 38. Kg1 1/2-1/2

[Event "43. Open Ciutat de Badalona 2017 - B"]
[Site "Badalona ESP"]
[Date "2017.08.07"]
[Round "6.3"]
[White "Nadal Fajardo, Ricard"]
[Black "Martin Barcelo, Carles"]
[Result "1/2-1/2"]
[WhiteElo "1946"]
[BlackElo "1818"]
[PlyCount "100"]
[EventDate "2017.08.02"]
[EventType "swiss"]
[EventRounds "9"]
[EventCountry "ESP"]
[SourceTitle "Ajedrez en Madrid"]
[Source "lmi"]
[SourceDate "2017.08.02"]
[SourceVersion "1"]
[SourceVersionDate "2018.07.18"]
[SourceQuality "1"]

1. d4 e6 2. Nf3 Nf6 3. g3 b6 4. Bg2 Bb7 5. c4 Bb4+ 6. Bd2 Qe7 7. O-O Bxd2 8.
Nbxd2 d6 9. Qc2 Nbd7 10. e4 e5 11. b4 c5 12. bxc5 bxc5 13. d5 O-O 14. Rab1 Rfb8
15. Rb2 Qd8 16. Rfb1 Qc7 17. Qa4 Bc8 18. Rxb8 Rxb8 19. Rxb8 Qxb8 20. h3 Qb7 21.
Bf1 Qa6 22. Qb3 Qb6 23. Nh4 Qxb3 24. axb3 g6 25. Kg2 Kf8 26. Be2 Ng8 27. f4 f6
28. Nb1 Ke7 29. Nc3 a6 30. f5 g5 31. Nf3 Nb6 32. Ne1 Bd7 33. Nc2 a5 34. Na3 a4
35. Bd1 axb3 36. Bxb3 Kd8 37. Kf3 Be8 38. Nab5 Kd7 39. Na7 Ne7 40. Ke3 Nec8 41.
Nab5 Na8 42. Kd3 Nc7 43. Ba4 Nxb5 44. Bxb5+ Kd8 45. Bxe8 Kxe8 46. Nb5 Kd7 47.
Kc3 Nb6 48. Kb3 Nc8 49. Ka4 Nb6+ 50. Kb3 Nc8 1/2-1/2

[Event "43. Open Ciutat de Badalona 2017 - B"]
[Site "Badalona ESP"]
[Date "2017.08.07"]
[Round "6.4"]
[White "Varela Cuadrado, Cesar"]
[Black "Garcia Sanchez, Aitor"]
[Result "1-0"]
[WhiteElo "1783"]
[BlackElo "1863"]
[PlyCount "61"]
[EventDate "2017.08.02"]
[EventType "swiss"]
[EventRounds "9"]
[EventCountry "ESP"]
[SourceTitle "Ajedrez en Madrid"]
[Source "lmi"]
[SourceDate "2017.08.02"]
[SourceVersion "1"]
[SourceVersionDate "2018.07.18"]
[SourceQuality "1"]

1. e4 d6 2. d4 g6 3. Nc3 Bg7 4. Be3 Nc6 5. Qd2 Nf6 6. Be2 e5 7. d5 Ne7 8. O-O-O
Ng4 9. Bxg4 Bxg4 10. f3 Bd7 11. g4 f5 12. gxf5 gxf5 13. f4 fxe4 14. fxe5 Bf5
15. e6 Ng6 16. Rf1 O-O 17. Nge2 Ne5 18. Rhg1 Qf6 19. b3 Ng4 20. Rxg4 Bxg4 21.
Rxf6 Rxf6 22. Bd4 Bh6 23. Be3 Bg7 24. Ng3 Raf8 25. Ngxe4 Rf1+ 26. Kb2 Rd1 27.
Qg2 Bf3 28. Qg3 Kh8 29. e7 Re8 30. Qxf3 Rxd5 31. Nf6 1-0

[Event "43. Open Ciutat de Badalona 2017 - B"]
[Site "Badalona ESP"]
[Date "2017.08.07"]
[Round "6.5"]
[White "Ritter Aguilar, Jordi"]
[Black "Roa Ribera, Alvaro"]
[Result "0-1"]
[WhiteElo "1850"]
[BlackElo "1688"]
[PlyCount "66"]
[EventDate "2017.08.02"]
[EventType "swiss"]
[EventRounds "9"]
[EventCountry "ESP"]
[SourceTitle "Ajedrez en Madrid"]
[Source "lmi"]
[SourceDate "2017.08.02"]
[SourceVersion "1"]
[SourceVersionDate "2018.07.18"]
[SourceQuality "1"]

1. e4 e5 2. Nf3 Nc6 3. Bc4 Bc5 4. b4 Bxb4 5. c3 Ba5 6. O-O Nf6 7. d4 d6 8. d5
Ne7 9. Bg5 O-O 10. Bxf6 gxf6 11. Qc1 Kg7 12. Nbd2 Rg8 13. Re1 Kh8 14. Kh1 Bb6
15. Rf1 Ng6 16. Qe1 f5 17. exf5 Bxf5 18. Ne4 Nf4 19. g3 Bg4 20. Nfg5 Nh3 21.
Nxh3 Bxh3 22. Rg1 f5 23. Nd2 Qf6 24. Bf1 Qh6 25. Bg2 Bxg2+ 26. Kxg2 f4 27. Nf3
Raf8 28. Qe4 fxg3 29. hxg3 Rg5 30. Qc2 Qh5 31. Qe2 e4 32. Nd4 Qxe2 33. Nxe2
Rxf2+ 0-1

[Event "43. Open Ciutat de Badalona 2017 - B"]
[Site "Badalona ESP"]
[Date "2017.08.07"]
[Round "6.6"]
[White "Calafell Marques, Jose"]
[Black "Corbacho Chaves, Oscar"]
[Result "0-1"]
[WhiteElo "1747"]
[BlackElo "1849"]
[PlyCount "106"]
[EventDate "2017.08.02"]
[EventType "swiss"]
[EventRounds "9"]
[EventCountry "ESP"]
[SourceTitle "Ajedrez en Madrid"]
[Source "lmi"]
[SourceDate "2017.08.02"]
[SourceVersion "1"]
[SourceVersionDate "2018.07.18"]
[SourceQuality "1"]

1. e4 c5 2. Nc3 Nc6 3. Nf3 d6 4. d4 cxd4 5. Nxd4 Nf6 6. Be2 g6 7. Be3 Bg7 8.
Qd2 O-O 9. O-O-O Ng4 10. h4 Nxe3 11. Qxe3 Nxd4 12. Rxd4 Bxd4 13. Qxd4 Be6 14.
f4 Qd7 15. f5 gxf5 16. exf5 Bxf5 17. g4 Be6 18. Ne4 f6 19. Rg1 Bf7 20. g5 f5
21. h5 fxe4 22. g6 e5 23. gxf7+ Kh8 24. Rg8+ Rxg8 25. fxg8=Q+ Rxg8 26. Qxe4 Qc6
27. Qf5 Rg1+ 28. Bf1 Kg8 29. Qe6+ Kf8 30. Qf6+ Ke8 31. Qh8+ Kd7 32. Qxh7+ Kd8
33. Qh8+ Kc7 34. Qh7+ Kb6 35. Qd3 Qg2 36. Qb3+ Kc5 37. Qb5+ Kd4 38. Qb4+ Ke3
39. Qb3+ Kf4 40. Qf7+ Ke3 41. Qb3+ Kf4 42. Qc4+ e4 43. Qf7+ Ke5 44. Qe7+ Kd5
45. Qxb7+ Ke6 46. Qc8+ Kf7 47. Qd7+ Kg8 48. Qe6+ Kh7 49. Qe7+ Kh8 50. Qf6+ Qg7
51. Qf2 Kh7 52. Qf5+ Kh6 53. Qf4+ Qg5 0-1

[Event "43. Open Ciutat de Badalona 2017 - B"]
[Site "Badalona ESP"]
[Date "2017.08.07"]
[Round "6.7"]
[White "Petit Montes, Marc"]
[Black "Alcala Gonzalez, Cesar"]
[Result "1-0"]
[WhiteElo "1948"]
[BlackElo "1760"]
[PlyCount "103"]
[EventDate "2017.08.02"]
[EventType "swiss"]
[EventRounds "9"]
[EventCountry "ESP"]
[SourceTitle "Ajedrez en Madrid"]
[Source "lmi"]
[SourceDate "2017.08.02"]
[SourceVersion "1"]
[SourceVersionDate "2018.07.18"]
[SourceQuality "1"]

1. b3 c5 2. Bb2 d6 3. e3 Nc6 4. Bb5 Bd7 5. Nf3 Nf6 6. O-O g6 7. d4 cxd4 8. Nxd4
Bg7 9. Nxc6 bxc6 10. Be2 O-O 11. c4 Qc7 12. Nd2 Bf5 13. Rc1 Qd7 14. c5 d5 15.
Nf3 Ne4 16. Bxg7 Kxg7 17. Bd3 f6 18. Nd4 e5 19. Nxf5+ gxf5 20. Qh5 Kh8 21. f3
Ng5 22. h4 Ne6 23. Bxf5 Rg8 24. Rfd1 Qg7 25. Rd2 Nc7 26. g4 Rad8 27. Rcd1 Nb5
28. a4 Nc3 29. Rc1 d4 30. exd4 Rxd4 31. Rxd4 exd4 32. Rc2 Qe7 33. Qh6 Nd5 34.
Re2 Qc7 35. Kh1 Qg7 36. Qxg7+ Kxg7 37. Rd2 Rb8 38. Rxd4 Rxb3 39. Be4 Rb4 40.
Rxb4 Nxb4 41. Kg2 h6 42. Kf2 Kf7 43. Ke3 Ke7 44. f4 Nd5+ 45. Bxd5 cxd5 46. g5
h5 47. gxf6+ Ke6 48. Kd4 Kxf6 49. Kxd5 Ke7 50. a5 Kf6 51. a6 Ke7 52. Ke5 1-0

[Event "43. Open Ciutat de Badalona 2017 - B"]
[Site "Badalona ESP"]
[Date "2017.08.07"]
[Round "6.8"]
[White "Martin Villanova, Jordi"]
[Black "Ospina Ocampo, Jose Joaquin"]
[Result "1-0"]
[WhiteElo "1901"]
[BlackElo "1790"]
[PlyCount "87"]
[EventDate "2017.08.02"]
[EventType "swiss"]
[EventRounds "9"]
[EventCountry "ESP"]
[SourceTitle "Ajedrez en Madrid"]
[Source "lmi"]
[SourceDate "2017.08.02"]
[SourceVersion "1"]
[SourceVersionDate "2018.07.18"]
[SourceQuality "1"]

1. Nf3 Nc6 2. c4 e5 3. Nc3 Nf6 4. g3 Bc5 5. Bg2 a6 6. O-O d6 7. a3 Ba7 8. b4
O-O 9. Bb2 Be6 10. d3 Ng4 11. h3 Nf6 12. Kh2 h6 13. e3 Nh7 14. b5 Ne7 15. bxa6
bxa6 16. Qe2 Rb8 17. Rab1 f5 18. d4 e4 19. Nd2 c5 20. d5 Bd7 21. f3 exf3 22.
Nxf3 Nf6 23. Qd3 Bb6 24. Nh4 Qc8 25. e4 fxe4 26. Nxe4 Nxe4 27. Bxe4 Ba5 28.
Bh7+ Kh8 29. Ng6+ Nxg6 30. Bxg7+ Kxh7 31. Rxf8 Bf5 32. Rxf5 Rxb1 33. Qxb1 Kxg7
34. Qf1 Qd7 35. Rf6 Bc7 36. Kg2 Qe7 37. Re6 Qg5 38. Kh1 Qd8 39. h4 Ne5 40. Qf4
Qf8 41. Qxh6+ Kg8 42. Qg5+ Qg7 43. Re8+ Kh7 44. Qh5+ 1-0

[Event "43. Open Ciutat de Badalona 2017 - B"]
[Site "Badalona ESP"]
[Date "2017.08.07"]
[Round "6.9"]
[White "Grao Amaya, Rafael"]
[Black "Romeu Perulles, Jaume"]
[Result "0-1"]
[WhiteElo "1780"]
[BlackElo "1873"]
[PlyCount "40"]
[EventDate "2017.08.02"]
[EventType "swiss"]
[EventRounds "9"]
[EventCountry "ESP"]
[SourceTitle "Ajedrez en Madrid"]
[Source "lmi"]
[SourceDate "2017.08.02"]
[SourceVersion "1"]
[SourceVersionDate "2018.07.18"]
[SourceQuality "1"]

1. d4 f5 2. Nf3 Nf6 3. h3 e6 4. Bf4 d6 5. e3 Be7 6. Nbd2 O-O 7. Bc4 d5 8. Bb3
c6 9. Ne5 Nbd7 10. Ndf3 Ne4 11. h4 Ndf6 12. Ng5 Qe8 13. f3 Nd6 14. g4 fxg4 15.
fxg4 Nfe4 16. Qe2 a5 17. O-O-O a4 18. Nef3 axb3 19. Bxd6 Bxd6 20. Ne5 bxa2 0-1

[Event "43. Open Ciutat de Badalona 2017 - B"]
[Site "Badalona ESP"]
[Date "2017.08.08"]
[Round "7.1"]
[White "Corbacho Chaves, Oscar"]
[Black "Ospina Ocampo, Camilo"]
[Result "0-1"]
[WhiteElo "1849"]
[BlackElo "1918"]
[PlyCount "76"]
[EventDate "2017.08.02"]
[EventType "swiss"]
[EventRounds "9"]
[EventCountry "ESP"]
[SourceTitle "Ajedrez en Madrid"]
[Source "lmi"]
[SourceDate "2017.08.02"]
[SourceVersion "1"]
[SourceVersionDate "2018.07.18"]
[SourceQuality "1"]

1. e4 e5 2. Nf3 Nc6 3. d4 exd4 4. Bc4 Bc5 5. c3 Nf6 6. e5 d5 7. Bb5 Ne4 8. cxd4
Bb6 9. Nc3 Bg4 10. Qa4 O-O 11. Bxc6 bxc6 12. Qxc6 Bxf3 13. gxf3 Bxd4 14. fxe4
Qh4 15. Rf1 dxe4 16. Nd5 Rab8 17. Rb1 Bxe5 18. b4 Qxh2 19. Be3 Rbd8 20. Qc4 f5
21. Ne7+ Kh8 22. Nc6 Rd3 23. Nxe5 Qxe5 24. Ke2 f4 25. Bc5 Rfd8 26. Qc2 Qd5 27.
Ke1 Rd2 28. Qc3 Rd1+ 29. Ke2 f3+ 30. Ke3 Rd3+ 31. Qxd3 Qxd3+ 32. Kf4 Qd2+ 33.
Kxe4 Qd5+ 34. Kf4 g5+ 35. Kg4 Qe4+ 36. Kxg5 Rd5+ 37. Kf6 Qf5+ 38. Ke7 Rd7+ 0-1

[Event "43. Open Ciutat de Badalona 2017 - B"]
[Site "Badalona ESP"]
[Date "2017.08.08"]
[Round "7.2"]
[White "Walter Travella, German"]
[Black "Garcia Ruiz, Adrian"]
[Result "1/2-1/2"]
[WhiteElo "1888"]
[BlackElo "1940"]
[PlyCount "131"]
[EventDate "2017.08.02"]
[EventType "swiss"]
[EventRounds "9"]
[EventCountry "ESP"]
[SourceTitle "Ajedrez en Madrid"]
[Source "lmi"]
[SourceDate "2017.08.02"]
[SourceVersion "1"]
[SourceVersionDate "2018.07.18"]
[SourceQuality "1"]

1. d4 d5 2. Nc3 e6 3. e4 Nf6 4. Bg5 Be7 5. e5 Nfd7 6. h4 h6 7. Bxe7 Qxe7 8. Bd3
a6 9. Qg4 Kf8 10. f4 c5 11. dxc5 Nc6 12. Na4 Nxc5 13. Nxc5 Qxc5 14. a3 Qd4 15.
Ne2 Qxb2 16. Kd2 Qb6 17. Rhf1 Kg8 18. Rf3 h5 19. Qg5 Qd8 20. Qxd8+ Nxd8 21. c4
dxc4 22. Bxc4 Nc6 23. Rd3 Kh7 24. Rd6 Rd8 25. Bd3+ Kg8 26. Rxd8+ Nxd8 27. Ng3
g6 28. Ne4 Kf8 29. Nf6 Ke7 30. g4 hxg4 31. h5 gxh5 32. Rh1 Bd7 33. Ng8+ Kf8 34.
Nf6 Bc6 35. Rxh5 g3 36. Rg5 g2 37. Be4 Ke7 38. Rg8 g1=Q 39. Rxg1 Bxe4 40. Nxe4
Nc6 41. Nd6 b5 42. Rc1 Kd7 43. Ke3 f6 44. Rd1 fxe5 45. fxe5 Ke7 46. Ke4 Rh8 47.
Rf1 Rh4+ 48. Rf4 Rxf4+ 49. Kxf4 Nd4 50. Ne4 Nc2 51. Nc5 a5 52. a4 bxa4 53. Nxa4
Kd7 54. Ke4 Kc6 55. Kd3 Nb4+ 56. Kc4 Nd5 57. Nc5 Nb6+ 58. Kd4 a4 59. Nxe6 a3
60. Nc5 a2 61. Nb3 Kb5 62. e6 Nc8 63. Kc3 Kc6 64. Kb2 Kd5 65. Kxa2 Kxe6 66.
Nc5+ 1/2-1/2

[Event "43. Open Ciutat de Badalona 2017 - B"]
[Site "Badalona ESP"]
[Date "2017.08.08"]
[Round "7.3"]
[White "Roa Ribera, Alvaro"]
[Black "Varela Cuadrado, Cesar"]
[Result "1-0"]
[WhiteElo "1688"]
[BlackElo "1783"]
[PlyCount "125"]
[EventDate "2017.08.02"]
[EventType "swiss"]
[EventRounds "9"]
[EventCountry "ESP"]
[SourceTitle "Ajedrez en Madrid"]
[Source "lmi"]
[SourceDate "2017.08.02"]
[SourceVersion "1"]
[SourceVersionDate "2018.07.18"]
[SourceQuality "1"]

1. e4 d5 2. exd5 Qxd5 3. Nc3 Qa5 4. d4 Nf6 5. Bd3 Bg4 6. Nf3 c6 7. h3 Bh5 8.
Bf4 Nd5 9. Bd2 Nxc3 10. Bxc3 Qc7 11. Qd2 e6 12. O-O-O Nd7 13. Rhe1 Bxf3 14.
gxf3 Bd6 15. Kb1 Bf4 16. Qe2 Nf6 17. Rg1 Nd5 18. Bd2 Bxd2 19. Qxd2 g6 20. c3
O-O-O 21. Qh6 Qf4 22. Qxf4 Nxf4 23. Bf1 h5 24. Kc2 Rd7 25. h4 Rhd8 26. Bc4 c5
27. dxc5 Rxd1 28. Rxd1 Rxd1 29. Kxd1 Ng2 30. Ke2 Nxh4 31. f4 Nf5 32. Kf3 Kc7
33. Bb5 Kd8 34. Ba4 Ke7 35. Bb5 Nh6 36. Bd3 Ng8 37. Be4 b6 38. cxb6 axb6 39. b4
Nf6 40. Bb7 Kd6 41. a4 Ng4 42. a5 bxa5 43. bxa5 Kc7 44. Ba6 Nf6 45. Bb5 h4 46.
c4 h3 47. Kg3 Nh5+ 48. Kxh3 Nxf4+ 49. Kg4 Nd3 50. f4 f5+ 51. Kg5 e5 52. fxe5
Nxe5 53. Kf6 Kd6 54. a6 Ng4+ 55. Kxg6 Kc7 56. Kxf5 Ne3+ 57. Ke4 Nc2 58. c5 Nb4
59. Ke5 Kb8 60. Kd6 Ka7 61. c6 Kb8 62. c7+ Ka7 63. c8=Q 1-0